| 000 | 00625nam a22001937a 4500 | ||
|---|---|---|---|
| 999 |
_c525312 _d525312 |
||
| 003 | NUST | ||
| 005 | 20190630125204.0 | ||
| 008 | 190630b ||||| |||| 00| 0 eng d | ||
| 038 | _aAttaullah | ||
| 082 | _a620.005 | ||
| 100 |
_aHayat, Waleed _916062 |
||
| 245 |
_aAn Analysis of factors affecting the performance of project in Oil and Gas Sector of Pakistan / _cWaleed Hayat. |
||
| 260 |
_aIslamabad : _bCEME - NUST, _c2018. |
||
| 300 |
_axiii, 133 p. : ill. ; _c30cm. |
||
| 500 | _aHard Cover. | ||
| 650 |
_aEngineering Management - MS Thesis. _916065 |
||
| 700 |
_aDr. Tasweer Hussain Shah. _916063 |
||
| 942 |
_2ddc _cTHE |
||